Calciatori e Anno di nascita - Quiz n°22 - Statistics

Statistiche generali
  • Questo quiz è stato fatto 20 volte
  • Il punteggio medio è 4 su 10
Statistiche sulle risposte
Hint Risposta % Corretto
Andrés Iniesta 1984
53%
Jan Oblak 1993
53%
Kalidou Koulibaly 1991
47%
Denzel Dumfries 1996
47%
Martín Cáceres 1987
40%
Rodrigo Bentancur 1997
40%
Ronald Araújo 1999
40%
Ciro Immobile 1990
33%
Luis Alberto 1992
27%
Éder 1986
20%
Nessun quiz corrispondente trovato
Distribuzione punteggi
Percentuale di utenti per punteggio
Percentile per numero di risposta
I tuoi punteggi nel tempo
Non hai fatto questo quiz